Velada en honor de Exmo. e Ilmo. Señor D. José Moreno Nieto celebrada por el Ateneo Científico, Literario y Artístico de Madrid el 4 de marzo de 1882. (Record no. 190148)

MARC details
000 -LEADER
campo de control de longitud fija 00637nam a2200169 i 4500
001 - NÚMERO DE CONTROL
campo de control 190148
003 - IDENTIFICADOR DE NÚMERO DE CONTROL
campo de control ES-MaACL
005 - FECHA Y HORA DE LA ÚLTIMA TRANSACCIÓN
campo de control 20250806025309.0
008 - DATOS DE LONGITUD FIJA--INFORMACIÓN GENERAL
campo de control de longitud fija 200902s1882 sp |||| | spa d
245 00 - MENCIÓN DEL TÍTULO
Título Velada en honor de Exmo. e Ilmo. Señor D. José Moreno Nieto celebrada por el Ateneo Científico, Literario y Artístico de Madrid el 4 de marzo de 1882.
260 ## - PUBLICACIÓN, DISTRIBUCIÓN, ETC.
Lugar de publicación, distribución, etc. Madrid :
Nombre del editor, distribuidor, etc. [s.n.],
Fecha de publicación, distribución, etc. [1882] (
Fabricante Imp. Central a cargo de Victor Saiz)
300 ## - DESCRIPCIÓN FÍSICA
Extensión p. ;
Dimensiones 22 cm.
600 14 - PUNTO DE ACCESO ADICIONAL DE MATERIA--NOMBRE DE PERSONA
Nombre de persona Moreno Nieto, José,
Fechas asociadas al nombre 1825-1882
9 (RLIN) 83416
710 2# - ENTRADA AGREGADA--NOMBRE DE ENTIDAD CORPORATIVA
Nombre de entidad corporativa o nombre de jurisdicción como elemento de entrada Ateneo de Madrid.
9 (RLIN) 1875
852 ## - LOCALIZACIÓN
Ubicación ES-MaACL
Número de control de estantería T-355-F-11
Holdings
Estatus retirado Estado de pérdida Estado de daño No para préstamo Colección Biblioteca de origen Biblioteca actual Ubicación en estantería Fecha de adquisición Fuente de adquisición Total de préstamos Signatura topográfica completa Código de barras Visto por última vez Precio de reemplazo Tipo de ítem Koha
        Colección de folletos Biblioteca del Ateneo de Madrid Biblioteca del Ateneo de Madrid Depósito folletos 07/05/2005     T-355-F-11 1201864 23/02/2023 23/02/2023 Folleto